| 000 | 00535nam a22001817a 4500 | ||
|---|---|---|---|
| 005 | 20251108164050.0 | ||
| 008 | 250721s1994 xx 000 0 ara d | ||
| 082 | 1 | 4 | _a323.4/هاي |
| 100 | 1 | _aهايك، ف.ا | |
| 245 | 1 | 0 | _aالطريق إلى العبودية / |
| 264 | 1 |
_aالقاهرة : _bدار الشروق، _c1994. |
|
| 300 | _a222ص | ||
| 650 | 1 | 7 | _aالحقوق المدنية و السياسية |
| 650 | 1 | 7 | _aالحرية |
| 700 | 1 |
_aغنيم، محمد مصطفى _eترجمة |
|
| 942 |
_2ddc _cBK |
||
| 999 |
_c2735 _d2735 |
||